Wszystkie części Wielkiej Brytanii - Statystyki

Ogólne statystyki
  • Ten quiz został rozwiązany 1 828 razy
  • Średni wynik to 9 z 21
Statystyki odpowiedzi
Wskazówka Odpowiedź % Poprawnych
Kraj Anglia
95%
Kraj Szkocja
95%
Kraj Walia
94%
Kraj Irlandia Północna
93%
Terytorium zależne Gibraltar
69%
Dependencja Wyspa Man
62%
Terytorium zależne Falklandy
48%
Dependencja Jersey
46%
Terytorium zależne Brytyjskie Wyspy Dziewicze
40%
Dependencja Guernsey
38%
Terytorium zależne Bermudy
36%
Terytorium zależne Kajmany
24%
Terytorium zależne Wyspa Świętej Heleny, Wyspa Wniebowstąpienia i Tristan de Cunha
24%
Terytorium zależne Anguilla
22%
Terytorium zależne Turks i Caicos
20%
Terytorium zależne Georgia Południowa i Sandwich Południowy
19%
Terytorium zależne Brytyjskie Terytorium Oceanu Indyjskiego
18%
Terytorium zależne Pitcairn
18%
Terytorium zależne Montserrat
17%
Terytorium zależne Akrotiri i Dhekelia
15%
Terytorium zależne Brytyjskie Terytorium Antarktyczne
12%
Nie znaleziono quizów pasujących do podanych kryteriów
Rozkład punktacji
Procent ludzi z każdym wynikiem
Percentyl według liczby udzielonych odpowiedzi
Twoja historia wyników
Nie rozwiązałeś tego quizu